000 00724nam a2200289Ia 4500
005 20260324143104.0
008 008 260324s9999 xx 000 0 eng d
020 _a9781315820484
037 _aEBOOK
040 _aCRL
040 _beng
040 _cCRL
041 _2eng
041 _aeng
084 _qCRL
100 _aBruce Carruth; Thomas D Watts; Pedro J Lecca
_91214341
245 0 _aPreschoolers and Substance Abuse
245 0 _bStrategies for Prevention and Intervention
260 _bTaylor and Francis
260 _c1993
365 _a
365 _b170
856 _uhttp://www.taylorfrancis.com/books/9781315820484
942 _cEBOOK
999 _c1819338
_d1819338